000 00654nam a2200193Ii 4500
003 JO-AjNU
008 230605s9999||||xx |||||||||||||| ||und||
040 _aJO-AjNU
_bara
_erda
_cJO-AjNU
041 _aara
050 1 4 _aG70.3.A2 1972
100 3 _aتاليف عويس، عبدالله,
_eauthor
_913190
245 0 0 _aبحوث العمليات الإحصائية في الجغرافية
264 3 1 _aالقاهرة: مكتبة عين شمس، 1972
300 _a240ص
336 _atext
_btxt
_2rdacontent
337 _aunmediated
_bn
_2rdamedia
338 _avolume
_bnc
_2rdacarrier
650 4 _aالجغرافيا- عمليات احصائية
_913191
999 _aA3218
_c6786
_d6786